Az arab kultúra kihívásai a magyarországi szállodaiparban

Bibliográfiai részletek
Szerző: Mocsári Réka
További közreműködők: Kovács dr. Miklós
Dokumentumtípus: Diplomadolgozat
Kulcsszavak:javaslatok
kérdőíves felmérés
szálláshelyek
vallás
vallástörténet
Online Access:http://dolgozattar.uni-bge.hu/60178

MARC

LEADER 00000nta a2200000 i 4500
001 dolg60178
005 20260409150107.0
008 260409suuuu hu om 000 hun d
040 |a BGE Dolgozattár Repozitórium  |b hun 
041 |a hu 
100 1 |a Mocsári Réka 
245 1 3 |a Az arab kultúra kihívásai a magyarországi szállodaiparban  |c Mocsári Réka  |h [elektronikus dokumentum] 
520 3 |a A dolgozat célja feltárni az arab kultúrából fakadó kihívásokat a magyar szállodaiparban. A kulturális és vallási különbségek jelentős hatással vannak a szállodai szolgáltatásokra. A kutatás bemutatja az arab turisták igényeit, a magyar szállodák felkészültségét, és gyakorlati javaslatokat fogalmaz meg a kulturális érzékenység fejlesztésére és a versenyképesség növelésére. A dolgozat célja hozzájárulni a magyar turizmus nemzetközi szintű fejlődéséhez és vendégbarát imázsához. 
695 |a javaslatok 
695 |a kérdőíves felmérés 
695 |a szálláshelyek 
695 |a vallás 
695 |a vallástörténet 
700 1 |a Kovács dr. Miklós  |e ths 
856 4 0 |u http://dolgozattar.uni-bge.hu/60178/1/Az%20arab%20kult%C3%BAra%20kih%C3%ADv%C3%A1sai%20a%20magyarorsz%C3%A1gi%20sz%C3%A1llodaiparban_v%C3%A9gleges.pdf  |z Dokumentum-elérés 
856 4 0 |u http://dolgozattar.uni-bge.hu/60178/2/Mocs%C3%A1ri%20R%C3%A9ka%20b%C3%ADr%C3%A1lat%20MG.pdf  |z Dokumentum-elérés 
856 4 0 |u http://dolgozattar.uni-bge.hu/60178/3/Szakdolgozat%20%C3%A9rt%C3%A9kel%C5%91%20Bsc_Mocs%C3%A1ri%20R%C3%A9ka.pdf  |z Dokumentum-elérés